[Event "Biel Master Tournament 2019"]
[Site "Biel"]
[Date "2019.07.24"]
[Round "3.12"]
[White "Iturrizaga Bonelli, Eduardo"]
[Black "Sadhwani, Raunak"]
[Result "1/2-1/2"]
[WhiteElo "2625"]
[BlackElo "2477"]
[Annotator "RC"]
[PlyCount "123"]
[EventDate "2019.07.20"]
[EventType "swiss"]
[EventCountry "SUI"]
[SourceTitle "playchess.com"]
[Source "ChessBase"]
[SourceQuality "1"]
[TimeControl "40/5400+30:1800+30"]

1. c4 {[%emt 0:01:45]} e5 {[%emt 0:00:00]} 2. Nc3 {[%emt 0:00:42]} Nf6 {[%emt 0:00:00]} 3. Nf3 {[%emt 0:00:36]} Nc6 {[%emt 0:00:00]} 4. g3 {[%emt 0:00:42]} d5 {[%emt 0:00:05]} 5. cxd5 {[%emt 0:00:05]} Nxd5 {[%emt 0:00:06]} 6. Bg2 {[%emt 0:00:06]} Bc5 {[%emt 0:00:10]} 7. O-O {[%emt 0:00:29]} O-O {[%emt 0:01:46]} 8. Nxd5 {[%emt 0:04:53]} Qxd5 {[%emt 0:00:10]} 9. d3 {[%emt 0:00:03]} Bb6 {[%emt 0:01:49]} 10. Bd2 {[%emt 0:00:09]} Bg4 {[%emt 0:05:23]} 11. Bc3 {[%emt 0:05:49]} Qe6 {[%emt 0:05:46]} 12. b4 {[%emt 0:12:03]} Nd4 {[%emt 0:09:52]} 13. Bxd4 {[%emt 0:14:58]} Bxd4 {[%emt 0:08:35]} 14. Nxd4 {[%emt 0:03:51]} exd4 {[%emt 0:00:09]} 15. Re1 {[%emt 0:00:04]} c6 {[%emt 0:01:19]} 16. a4 {[%emt 0:00:09]} Bh3 {[%emt 0:10:38]} 17. Bf3 {[%emt 0:02:19]} Bg4 {[%emt 0:00:26]} 18. Bxg4 {[%emt 0:00:39]} Qxg4 {[%emt 0:00:06]} 19. e4 {[%emt 0:00:03]} Qxd1 {[%emt 0:08:35]} 20. Rexd1 {[%emt 0:00:04]} f5 {[%emt 0:09:53]} 21. Re1 {[%emt 0:17:42]} f4 {[%emt 0:07:48]} 22. a5 {[%emt 0:10:19]} a6 {[%emt 0:10:22]} 23. Rac1 {[%emt 0:00:22]} fxg3 {[%emt 0:01:23]} 24. hxg3 {[%emt 0:00:08]} Rf3 {[%emt 0:00:15]} 25. Red1 {[%emt 0:00:05]} g5 {[%emt 0:00:16]} 26. Rc5 {[%emt 0:01:20]} h6 {[%emt 0:00:07]} 27. Kg2 {[%emt 0:00:25]} Raf8 {[%emt 0:02:13]} 28. Rd2 {[%emt 0:00:04]} g4 {[%emt 0:03:30]} 29. Rh5 {[%emt 0:00:18]} R3f6 {[%emt 0:00:32]} 30. Rh4 {[%emt 0:09:19]} Rg6 {[%emt 0:00:02]} 31. Rc2 {[%emt 0:00:05]} Kh7 {[%emt 0:04:05]} 32. Rc4 {[%emt 0:00:40]} Rd8 {[%emt 0:02:22]} 33. Rc5 {[%emt 0:02:32]} Rf8 {[%emt 0:00:23]} 34. Kf1 {[%emt 0:07:12]} Rgf6 {[%emt 0:03:02]} 35. Rh2 {[%emt 0:00:05]} Kg6 {[%emt 0:01:17]} 36. Ke1 {[%emt 0:00:59]} R8f7 {[%emt 0:01:33]} 37. Rch5 {[%emt 0:02:27]} Kg7 {[%emt 0:00:04]} 38. Re5 {[%emt 0:00:27]} Kh7 {[%emt 0:03:16]} 39. Re8 {[%emt 0:01:36]} Rc7 {[%emt 0:01:11]} 40. Re5 {[%emt 0:03:34]} Rcf7 {[%emt 0:00:05]} 41. Ke2 {[%emt 0:02:32]} Rc7 {[%emt 0:06:21]} 42. Rg5 {[%emt 0:01:32]} b6 {[%emt 0:08:53]} 43. axb6 {[%emt 0:09:35]} Rb7 {[%emt 0:00:01]} 44. Rxg4 {[%emt 0:00:26]} Rxb6 {[%emt 0:00:15]} 45. Rh1 {[%emt 0:08:35]} c5 {[%emt 0:03:06]} 46. e5 {[%emt 0:00:04]} Rfe6 {[%emt 0:00:34]} 47. f4 {[%emt 0:03:35]} cxb4 {[%emt 0:00:09]} 48. Kf3 {[%emt 0:00:06]} b3 {[%emt 0:00:46]} 49. Ke4 {[%emt 0:00:08]} b2 {[%emt 0:01:28]} 50. f5 {[%emt 0:00:04]} Re8 {[%emt 0:04:48]} 51. Rb1 {[%emt 0:00:13]} a5 {[%emt 0:05:21]} 52. Rg6 {[%emt 0:01:30]} Rxg6 {[%emt 0:01:27]} 53. fxg6+ {[%emt 0:00:05]} Kxg6 {[%emt 0:00:02]} 54. Rxb2 {[%emt 0:00:04]} Ra8 {[%emt 0:00:03]} 55. Kxd4 {[%emt 0:04:57]} a4 {[%emt 0:03:19]} 56. Ke4 {[%emt 0:00:05]} a3 {[%emt 0:00:03]} 57. Ra2 {[%emt 0:00:02]} Ra4+ {[%emt 0:00:58]} 58. d4 {[%emt 0:00:04]} h5 {[%emt 0:00:04]} 59. Kd5 {[%emt 0:00:54]} Kf5 {[%emt 0:01:16]} 60. Rf2+ {[%emt 0:00:12]} Kg5 {[%emt 0:00:10]} 61. Ra2 {[%emt 0:01:28]} Kf5 {[%emt 0:00:04]} 62. Rf2+ {[%emt 0:00:52] Kxe5+ Ke4+} 1/2-1/2

[Event "Biel Master Tournament 2019"]
[Site "Biel"]
[Date "2019.07.24"]
[Round "3.13"]
[White "Santos Latasa, Jaime"]
[Black "Rahul Srivatshav, Peddi"]
[Result "1-0"]
[WhiteElo "2594"]
[BlackElo "1978"]
[Annotator "RC"]
[PlyCount "97"]
[EventDate "2019.07.20"]
[EventType "swiss"]
[EventCountry "SUI"]
[SourceTitle "playchess.com"]
[Source "ChessBase"]
[SourceQuality "1"]
[TimeControl "40/5400+30:1800+30"]

1. e4 {[%emt 0:01:53]} c5 {[%emt 0:01:39]} 2. Nf3 {[%emt 0:00:06]} e6 {[%emt 0:00:41]} 3. d4 {[%emt 0:00:08]} cxd4 {[%emt 0:00:07]} 4. Nxd4 {[%emt 0:00:06]} Nc6 {[%emt 0:00:04]} 5. Nc3 {[%emt 0:00:08]} Qc7 {[%emt 0:00:02]} 6. g3 {[%emt 0:00:07]} a6 {[%emt 0:00:19]} 7. Bg2 {[%emt 0:00:07]} Nf6 {[%emt 0:02:16]} 8. O-O {[%emt 0:00:06]} Nxd4 {[%emt 0:00:05]} 9. Qxd4 {[%emt 0:00:06]} Bc5 {[%emt 0:00:03]} 10. Bf4 {[%emt 0:00:10]} d6 {[%emt 0:00:04]} 11. Qd2 {[%emt 0:00:08]} h6 {[%emt 0:01:28]} 12. Rad1 {[%emt 0:00:05]} e5 {[%emt 0:00:07]} 13. Be3 {[%emt 0:00:05]} Bb4 {[%emt 0:00:12]} 14. Nb5 {[%emt 0:00:18]} axb5 {[%emt 0:00:05]} 15. Qxb4 {[%emt 0:00:06]} Rxa2 {[%emt 0:00:18]} 16. Rxd6 {[%emt 0:00:58]} O-O {[%emt 0:04:27]} 17. Rd2 {[%emt 0:02:59]} Be6 {[%emt 0:00:37]} 18. Rfd1 {[%emt 0:01:37]} Qc4 {[%emt 0:00:08]} 19. Qxc4 {[%emt 0:01:00]} bxc4 {[%emt 0:00:08]} 20. c3 {[%emt 0:00:34]} Rfa8 {[%emt 0:13:39]} 21. f3 {[%emt 0:04:15]} R8a5 {[%emt 0:08:52]} 22. Bf1 {[%emt 0:00:32]} Kf8 {[%emt 0:06:37]} 23. h4 {[%emt 0:12:34]} Ke8 {[%emt 0:11:53]} 24. Bb6 {[%emt 0:11:33]} Rb5 {[%emt 0:03:44]} 25. Bc7 {[%emt 0:00:33]} Rbxb2 {[%emt 0:06:26]} 26. Rd8+ {[%emt 0:01:55]} Ke7 {[%emt 0:00:07]} 27. Rb8 {[%emt 0:00:19]} Rd2 {[%emt 0:02:37]} 28. Rxd2 {[%emt 0:00:34]} Rxd2 {[%emt 0:00:06]} 29. Bxe5 {[%emt 0:01:04]} Rb2 {[%emt 0:00:54]} 30. Bd4 {[%emt 0:00:22]} Nh5 {[%emt 0:06:16]} 31. g4 {[%emt 0:02:55]} Ng3 {[%emt 0:10:59]} 32. Bf2 {[%emt 0:01:22]} Nxf1 {[%emt 0:00:23]} 33. Kxf1 {[%emt 0:00:06]} Rb5 {[%emt 0:10:56]} 34. Be3 {[%emt 0:03:37]} f6 {[%emt 0:02:07]} 35. Kf2 {[%emt 0:00:55]} Bd7 {[%emt 0:00:27]} 36. h5 {[%emt 0:01:13]} Kf7 {[%emt 0:00:07]} 37. Kg3 {[%emt 0:01:53]} Ke7 {[%emt 0:02:23]} 38. Bd4 {[%emt 0:00:21]} Kf7 {[%emt 0:00:07]} 39. Kf4 {[%emt 0:02:20]} Ke7 {[%emt 0:00:52]} 40. Ra8 {[%emt 0:01:40]} Kf7 {[%emt 0:00:23]} 41. Kg3 {[%emt 0:30:30]} Ke7 {[%emt 0:30:54]} 42. Be3 {[%emt 0:04:13]} Kf7 {[%emt 0:00:42]} 43. Kf4 {[%emt 0:00:47]} Ke7 {[%emt 0:00:07]} 44. Bc1 {[%emt 0:00:08]} Kf7 {[%emt 0:05:45]} 45. Ba3 {[%emt 0:00:29]} Re5 {[%emt 0:00:00]} 46. Rf8+ {[%emt 0:00:00]} Ke6 {[%emt 0:00:00]} 47. Bb4 {[%emt 0:00:00]} Rb5 {[%emt 0:00:00]} 48. Ke3 {[%emt 0:00:00]} Rg5 {[%emt 0:00:00]} 49. Rd8 {[%emt 0:00:00]} 1-0

[Event "Biel Master Tournament 2019"]
[Site "Biel"]
[Date "2019.07.24"]
[Round "3.14"]
[White "Vaibhav, Suri"]
[Black "Pranav Anand"]
[Result "1-0"]
[WhiteElo "2591"]
[BlackElo "2347"]
[Annotator "ChessBase"]
[PlyCount "101"]
[EventDate "2019.07.20"]
[EventType "swiss"]
[EventCountry "SUI"]
[SourceTitle "playchess.com"]
[Source "ChessBase"]
[SourceQuality "1"]
[TimeControl "40/5400+30:1800+30"]

1. c4 {[%emt 0:00:00]} Nf6 {[%emt 0:00:00]} 2. Nc3 {[%emt 0:00:00]} g6 {[%emt 0:00:32]} 3. e4 {[%emt 0:02:00]} d6 {[%emt 0:00:18]} 4. d4 {[%emt 0:00:07]} Bg7 {[%emt 0:00:05]} 5. Nf3 {[%emt 0:00:08]} O-O {[%emt 0:00:07]} 6. h3 {[%emt 0:00:03]} e5 {[%emt 0:00:05]} 7. d5 {[%emt 0:00:04]} Nh5 {[%emt 0:00:12]} 8. g3 {[%emt 0:00:28]} f5 {[%emt 0:00:11]} 9. exf5 {[%emt 0:00:14]} gxf5 {[%emt 0:00:07]} 10. Nh4 {[%emt 0:01:18]} Nf4 {[%emt 0:00:21]} 11. gxf4 {[%emt 0:04:08]} Qxh4 {[%emt 0:00:20]} 12. Rg1 {[%emt 0:00:03]} Re8 {[%emt 0:10:47]} 13. Qf3 {[%emt 0:25:18]} Kh8 {[%emt 0:11:09]} 14. Be2 {[%emt 0:04:43]} e4 {[%emt 0:17:01]} 15. Qe3 {[%emt 0:12:51]} Na6 {[%emt 0:03:10]} 16. b3 {[%emt 0:11:52]} Bf6 {[%emt 0:10:09]} 17. Bb2 {[%emt 0:00:37]} Bd7 {[%emt 0:00:16]} 18. O-O-O {[%emt 0:00:46]} Rg8 {[%emt 0:03:40]} 19. Kb1 {[%emt 0:10:03]} Nc5 {[%emt 0:02:19]} 20. b4 {[%emt 0:05:50]} Na4 {[%emt 0:19:44]} 21. Nxa4 {[%emt 0:03:02]} Bxa4 {[%emt 0:00:02]} 22. Rc1 {[%emt 0:00:29]} Bxb2 {[%emt 0:04:14]} 23. Kxb2 {[%emt 0:00:00]} Qf6+ {[%emt 0:00:08]} 24. Qc3 {[%emt 0:01:04]} Qxc3+ {[%emt 0:00:12]} 25. Kxc3 {[%emt 0:00:01]} Bd7 {[%emt 0:00:09]} 26. c5 {[%emt 0:08:20]} a5 {[%emt 0:02:06]} 27. Rxg8+ {[%emt 0:00:04]} Kxg8 {[%emt 0:00:36]} 28. cxd6 {[%emt 0:00:22]} cxd6 {[%emt 0:02:45]} 29. Kb2 {[%emt 0:02:49]} axb4 {[%emt 0:05:52]} 30. Rc7 {[%emt 0:00:01]} Ba4 {[%emt 0:00:42]} 31. Bh5 {[%emt 0:00:01]} Be8 {[%emt 0:01:54]} 32. Bxe8 {[%emt 0:02:02]} Rxe8 {[%emt 0:00:01]} 33. Rxb7 {[%emt 0:00:05]} e3 {[%emt 0:00:04]} 34. fxe3 {[%emt 0:00:03]} Rxe3 {[%emt 0:00:05]} 35. Rxb4 {[%emt 0:00:11]} Rxh3 {[%emt 0:00:08]} 36. a4 {[%emt 0:00:20]} Rd3 {[%emt 0:00:53]} 37. Rb5 {[%emt 0:06:57]} Rd4 {[%emt 0:00:09]} 38. Kb3 {[%emt 0:00:13]} Rxf4 {[%emt 0:00:43]} 39. a5 Rf3+ {[%emt 0:00:11]} 40. Ka4 {[%emt 0:02:29]} Rf1 {[%emt 0:07:55]} 41. Rb3 {[%emt 0:01:33]} Ra1+ {[%emt 0:01:15]} 42. Ra3 {[%emt 0:00:48]} Rc1 {[%emt 0:08:04]} 43. a6 {[%emt 0:00:11]} Kf7 {[%emt 0:02:54]} 44. a7 {[%emt 0:01:00]} Rc8 {[%emt 0:00:04]} 45. Kb5 {[%emt 0:00:09]} Ra8 {[%emt 0:00:54]} 46. Kc6 {[%emt 0:01:43]} f4 {[%emt 0:00:13]} 47. Kb7 {[%emt 0:01:32]} Re8 {[%emt 0:00:11]} 48. a8=Q {[%emt 0:00:21]} Rxa8 {[%emt 0:00:04]} 49. Rxa8 {[%emt 0:00:02]} h5 {[%emt 0:00:27]} 50. Kc6 {[%emt 0:00:31]} Kf6 {[%emt 0:00:11]} 51. Kxd6 {[%emt 0:00:27]} 1-0

[Event "Biel Master Tournament 2019"]
[Site "Biel"]
[Date "2019.07.24"]
[Round "3.15"]
[White "Dhulipalla Bala Chandra Prasad"]
[Black "Lalith Babu M R"]
[Result "1/2-1/2"]
[WhiteElo "2419"]
[BlackElo "2580"]
[Annotator "ChessBase"]
[PlyCount "93"]
[EventDate "2019.07.20"]
[EventType "swiss"]
[EventCountry "SUI"]
[SourceTitle "playchess.com"]
[Source "ChessBase"]
[SourceQuality "1"]
[TimeControl "40/5400+30:1800+30"]

1. Nf3 {[%emt 0:00:00]} Nf6 {[%emt 0:00:00]} 2. c4 {[%emt 0:00:00]} c5 {[%emt 0:01:30]} 3. g3 {[%emt 0:00:01]} b6 {[%emt 0:00:11]} 4. Bg2 {[%emt 0:00:09]} Bb7 {[%emt 0:00:05]} 5. O-O {[%emt 0:00:37]} e6 {[%emt 0:00:51]} 6. b3 {[%emt 0:00:59]} Be7 {[%emt 0:00:07]} 7. Bb2 {[%emt 0:00:17]} O-O {[%emt 0:00:29]} 8. Nc3 {[%emt 0:01:12]} d5 {[%emt 0:07:44]} 9. e3 {[%emt 0:01:26]} Nbd7 {[%emt 0:12:21]} 10. Qe2 {[%emt 0:00:53]} dxc4 {[%emt 0:02:34]} 11. bxc4 {[%emt 0:00:21]} Ne4 {[%emt 0:00:36]} 12. Nxe4 {[%emt 0:28:07]} Bxe4 {[%emt 0:00:08]} 13. d3 {[%emt 0:00:24]} Bc6 {[%emt 0:01:47]} 14. Nd2 {[%emt 0:03:42]} Bxg2 {[%emt 0:02:03]} 15. Kxg2 {[%emt 0:00:52]} Qc7 {[%emt 0:00:08]} 16. Ne4 {[%emt 0:06:54]} Rfd8 {[%emt 0:02:24]} 17. f4 {[%emt 0:09:13]} b5 {[%emt 0:06:48]} 18. f5 {[%emt 0:12:30]} exf5 {[%emt 0:01:08]} 19. Rxf5 {[%emt 0:00:41]} bxc4 {[%emt 0:03:18]} 20. Qg4 {[%emt 0:22:05]} f6 {[%emt 0:01:08]} 21. dxc4 {[%emt 0:05:57]} Qc6 {[%emt 0:05:29]} 22. Raf1 {[%emt 0:01:10]} Qe6 {[%emt 0:01:10]} 23. R1f2 {[%emt 0:01:14]} Re8 {[%emt 0:01:41]} 24. Nc3 {[%emt 0:00:55]} Ne5 {[%emt 0:01:04]} 25. Qe4 {[%emt 0:01:07]} g6 {[%emt 0:00:17]} 26. Rxe5 {[%emt 0:01:38]} Qxe5 {[%emt 0:00:29]} 27. Qxe5 {[%emt 0:00:02]} fxe5 {[%emt 0:00:04]} 28. Nd5 {[%emt 0:00:04]} Bd8 {[%emt 0:00:30]} 29. Ba3 {[%emt 0:00:24]} Rc8 {[%emt 0:00:19]} 30. Rb2 {[%emt 0:00:35]} Re6 {[%emt 0:00:12]} 31. Rb7 {[%emt 0:00:50]} Ra6 {[%emt 0:01:25]} 32. Bb2 {[%emt 0:00:04]} Rxa2 {[%emt 0:03:37]} 33. Kf3 {[%emt 0:00:02]} h5 {[%emt 0:00:07]} 34. h3 {[%emt 0:01:45]} Ra4 {[%emt 0:00:40]} 35. Bxe5 {[%emt 0:00:05]} a5 {[%emt 0:00:07]} 36. Bf6 {[%emt 0:00:25]} Kf8 {[%emt 0:00:45]} 37. Ke4 {[%emt 0:01:03]} Rxc4+ {[%emt 0:03:11]} 38. Ke5 {[%emt 0:00:02]} Rb4 {[%emt 0:00:52]} 39. Rh7 {[%emt 0:00:42]} Bxf6+ {[%emt 0:00:34]} 40. Nxf6 {[%emt 0:00:26]} Rc6 {[%emt 0:00:38]} 41. Rd7 {[%emt 0:13:14]} Rb8 {[%emt 0:06:53]} 42. Ra7 {[%emt 0:02:06]} Rbc8 {[%emt 0:13:20]} 43. Nh7+ {[%emt 0:03:40]} Ke8 {[%emt 0:03:29]} 44. Nf6+ {[%emt 0:00:10]} Kf8 {[%emt 0:02:21]} 45. Nh7+ {[%emt 0:00:06]} Ke8 {[%emt 0:00:15]} 46. Nf6+ {[%emt 0:00:05]} Kf8 {[%emt 0:00:44]} 47. Ke4 {[%emt 0:00:18]} 1/2-1/2

[Event "Biel Master Tournament 2019"]
[Site "Biel"]
[Date "2019.07.24"]
[Round "3.16"]
[White "Sukandar, Irine Kharisma"]
[Black "Aryan, Chopra"]
[Result "1/2-1/2"]
[WhiteElo "2396"]
[BlackElo "2553"]
[Annotator "ChessBase"]
[PlyCount "110"]
[EventDate "2019.07.20"]
[EventType "swiss"]
[EventCountry "SUI"]
[SourceTitle "playchess.com"]
[Source "ChessBase"]
[SourceQuality "1"]
[TimeControl "40/5400+30:1800+30"]

1. e4 {[%emt 0:00:00]} c5 {[%emt 0:00:00]} 2. Nf3 {[%emt 0:00:26]} d6 {[%emt 0:00:00]} 3. d4 {[%emt 0:00:56]} cxd4 {[%emt 0:00:00]} 4. Nxd4 {[%emt 0:00:06]} Nf6 {[%emt 0:00:00]} 5. Nc3 {[%emt 0:00:10]} a6 {[%emt 0:00:00]} 6. f3 {[%emt 0:00:51]} e5 {[%emt 0:00:11]} 7. Nb3 {[%emt 0:00:07]} Be6 {[%emt 0:00:09]} 8. Be3 {[%emt 0:00:22]} h5 {[%emt 0:00:28]} 9. Nd5 {[%emt 0:02:04]} Bxd5 {[%emt 0:00:22]} 10. exd5 {[%emt 0:00:06]} Nbd7 {[%emt 0:00:05]} 11. Qd2 {[%emt 0:01:08]} g6 {[%emt 0:00:27]} 12. Be2 {[%emt 0:00:47]} Bg7 {[%emt 0:00:36]} 13. O-O {[%emt 0:02:12]} b6 {[%emt 0:00:24]} 14. c4 {[%emt 0:03:16]} O-O {[%emt 0:00:39]} 15. Rac1 {[%emt 0:01:15]} Nh7 {[%emt 0:03:14]} 16. Na1 {[%emt 0:02:14]} a5 {[%emt 0:02:33]} 17. Nc2 {[%emt 0:00:24]} Nc5 {[%emt 0:03:13]} 18. Na3 {[%emt 0:03:25]} f5 {[%emt 0:01:14]} 19. Qc2 {[%emt 0:01:07]} Re8 {[%emt 0:09:05]} 20. Nb5 {[%emt 0:06:06]} Bf6 {[%emt 0:12:42]} 21. b3 {[%emt 0:08:59]} Bg5 {[%emt 0:02:00]} 22. Bxg5 {[%emt 0:00:42]} Nxg5 {[%emt 0:00:05]} 23. a3 {[%emt 0:00:48]} Nf7 {[%emt 0:12:13]} 24. b4 {[%emt 0:01:37]} Na6 {[%emt 0:03:56]} 25. Qb3 {[%emt 0:04:21]} h4 {[%emt 0:05:47]} 26. Kh1 {[%emt 0:04:34]} Kg7 {[%emt 0:01:49]} 27. Qc3 {[%emt 0:03:09]} Nc7 {[%emt 0:04:58]} 28. Qe3 {[%emt 0:09:29]} Nxb5 {[%emt 0:06:37]} 29. cxb5 {[%emt 0:00:06]} axb4 {[%emt 0:00:11]} 30. axb4 {[%emt 0:00:06]} Re7 {[%emt 0:08:51]} 31. Rc6 {[%emt 0:01:03]} Rb7 {[%emt 0:00:13]} 32. Rfc1 {[%emt 0:00:42]} Nh6 {[%emt 0:02:20]} 33. Qc3 {[%emt 0:03:42]} Nf7 {[%emt 0:03:04]} 34. Qe3 {[%emt 0:07:29]} Ra2 {[%emt 0:04:24]} 35. Bc4 {[%emt 0:04:15]} Ra4 {[%emt 0:00:31]} 36. Bf1 {[%emt 0:02:22]} Ra8 {[%emt 0:07:42]} 37. Kg1 {[%emt 0:01:15]} Kh7 {[%emt 0:03:28]} 38. Qf2 {[%emt 0:02:49]} Kg7 {[%emt 0:00:52]} 39. R6c4 {[%emt 0:02:17]} f4 {[%emt 0:02:45]} 40. Qc2 {[%emt 0:01:18]} Qg5 {[%emt 0:01:49]} 41. Rc8 {[%emt 0:35:23]} Ra3 {[%emt 0:14:33]} 42. Qc6 {[%emt 0:00:00]} Re7 {[%emt 0:00:12]} 43. Qxb6 {[%emt 0:00:00]} e4 {[%emt 0:05:51]} 44. Qd4+ {[%emt 0:00:00]} Ne5 {[%emt 0:01:44]} 45. R8c7 {[%emt 0:00:45]} Kh6 {[%emt 0:06:35]} 46. Qb2 {[%emt 0:01:35]} Rxc7 {[%emt 0:00:17]} 47. Rxc7 {[%emt 0:04:20]} Rxf3 {[%emt 0:00:41]} 48. b6 {[%emt 0:00:16]} e3 {[%emt 0:00:51]} 49. Rc2 {[%emt 0:06:00]} Rh3 {[%emt 0:03:43]} 50. Kh1 {[%emt 0:03:57]} Rxh2+ {[%emt 0:00:50]} 51. Kxh2 {[%emt 0:00:01]} Qg3+ {[%emt 0:00:34]} 52. Kh1 {[%emt 0:00:12]} Ng4 {[%emt 0:00:29]} 53. Qh8+ {[%emt 0:00:08]} Kg5 {[%emt 0:00:01]} 54. Qd8+ {[%emt 0:00:13]} Kh5 {[%emt 0:00:33]} 55. Qh8+ {[%emt 0:00:17]} Kg5 {[%emt 0:00:04]} 1/2-1/2

[Event "Biel Master Tournament 2019"]
[Site "Biel"]
[Date "2019.07.24"]
[Round "3.17"]
[White "Epishin, Vladimir"]
[Black "Kamber, Bruno"]
[Result "1/2-1/2"]
[WhiteElo "2549"]
[BlackElo "2299"]
[Annotator "ChessBase"]
[PlyCount "103"]
[EventDate "2019.07.20"]
[EventType "swiss"]
[EventCountry "SUI"]
[SourceTitle "playchess.com"]
[Source "ChessBase"]
[SourceQuality "1"]
[TimeControl "40/5400+30:1800+30"]

1. d4 {[%emt 0:00:10]} g6 {[%emt 0:02:19]} 2. e4 {[%emt 0:01:47]} Bg7 {[%emt 0:00:10]} 3. Nf3 {[%emt 0:00:21]} Nc6 {[%emt 0:00:15]} 4. Bc4 {[%emt 0:03:48]} d6 {[%emt 0:04:57]} 5. O-O {[%emt 0:04:11]} Nf6 {[%emt 0:00:19]} 6. d5 {[%emt 0:00:06]} Nb8 {[%emt 0:08:34]} 7. e5 {[%emt 0:04:18]} dxe5 {[%emt 0:01:10]} 8. Nxe5 {[%emt 0:00:09]} O-O {[%emt 0:00:07]} 9. Nc3 {[%emt 0:02:37]} c6 {[%emt 0:02:34]} 10. dxc6 {[%emt 0:06:25]} Nxc6 {[%emt 0:07:58]} 11. Qxd8 {[%emt 0:01:06]} Nxd8 {[%emt 0:00:24]} 12. Rd1 {[%emt 0:01:54]} Bf5 {[%emt 0:00:33]} 13. Bb3 {[%emt 0:00:12]} Ne4 {[%emt 0:23:41]} 14. Nxe4 {[%emt 0:00:53]} Bxe5 {[%emt 0:00:07]} 15. Nc5 {[%emt 0:01:03]} Bd6 {[%emt 0:05:12]} 16. Be3 {[%emt 0:00:03]} Rc8 {[%emt 0:00:46]} 17. Nd3 {[%emt 0:01:17]} Nc6 {[%emt 0:00:11]} 18. c3 {[%emt 0:00:36]} Rfd8 {[%emt 0:06:59]} 19. Bc2 {[%emt 0:00:58]} Ne5 {[%emt 0:01:47]} 20. Nxe5 {[%emt 0:03:22]} Bxc2 {[%emt 0:00:34]} 21. Rd2 {[%emt 0:00:04]} Ba4 {[%emt 0:02:50]} 22. Rd4 {[%emt 0:00:44]} Bc2 {[%emt 0:05:33]} 23. f4 {[%emt 0:07:00]} f6 {[%emt 0:02:43]} 24. Nc4 {[%emt 0:01:43]} Bc7 {[%emt 0:02:15]} 25. Rxd8+ {[%emt 0:00:22]} Rxd8 {[%emt 0:01:07]} 26. g3 {[%emt 0:01:48]} b6 {[%emt 0:01:14]} 27. Kf2 {[%emt 0:00:21]} Kf7 {[%emt 0:00:21]} 28. Rc1 {[%emt 0:00:12]} Be4 {[%emt 0:00:38]} 29. Nd2 {[%emt 0:00:02]} Bf5 {[%emt 0:01:43]} 30. Nf3 {[%emt 0:02:02]} Bg4 {[%emt 0:00:14]} 31. c4 {[%emt 0:00:32]} h6 {[%emt 0:04:14]} 32. h4 {[%emt 0:01:34]} Rd3 {[%emt 0:04:05]} 33. Ne1 {[%emt 0:01:42]} Rd7 {[%emt 0:02:54]} 34. b4 {[%emt 0:01:00]} Rd1 {[%emt 0:07:17]} 35. Rxd1 {[%emt 0:01:11]} Bxd1 {[%emt 0:00:02]} 36. Nf3 {[%emt 0:00:06]} Ke6 {[%emt 0:00:15]} 37. Nd4+ {[%emt 0:03:20]} Kd7 {[%emt 0:00:05]} 38. Nb5 {[%emt 0:00:24]} a6 {[%emt 0:00:25]} 39. Nc3 {[%emt 0:02:39]} Bg4 {[%emt 0:00:04]} 40. b5 {[%emt 0:00:21]} axb5 {[%emt 0:01:19]} 41. cxb5 {[%emt 0:30:05]} Be6 {[%emt 0:31:07]} 42. a4 {[%emt 0:01:55]} Bb3 {[%emt 0:00:38]} 43. Bd4 {[%emt 0:01:08]} Bd6 {[%emt 0:00:00]} 44. Bxb6 {[%emt 0:00:00]} Bb4 {[%emt 0:00:00]} 45. Bd4 {[%emt 0:00:00]} Bxc3 {[%emt 0:00:00]} 46. Bxc3 {[%emt 0:00:00]} Bxa4 {[%emt 0:00:00]} 47. b6 {[%emt 0:00:00]} Bc6 {[%emt 0:00:00]} 48. g4 {[%emt 0:00:00]} Ke6 {[%emt 0:00:00]} 49. Ke3 {[%emt 0:00:00]} h5 {[%emt 0:00:00]} 50. gxh5 {[%emt 0:00:00]} gxh5 {[%emt 0:00:00]} 51. Bb4 {[%emt 0:00:00]} Bb7 {[%emt 0:00:00]} 52. Kd4 {[%emt 0:00:00]} 1/2-1/2